Poselství papeže Jana Pavla II. ke Světovému dni nemocných 11. února 2002
Record details
- ISBN: 80-238-8866-8
- Physical Description: 8 s. ; 20 cm
- Publisher: Praha : Sekretariát České biskupské konference, 2002
Content descriptions
| General Note: | Na obálce označení sv. 66 Název z obálky Přeloženo z italské verze latinského originálu? |
| Target Audience Note: | Pro vnitřní potřebu |
Search for related items by subject
| Subject: | nemocní pastorace učení katolické církve patients pastoral care Catholic doctrine |
| Genre: | papežské listy papal documents |
Available copies
- 1 of 1 copy available at Common Catalog SPOK.
Holds
- 0 current holds with 1 total copy.
Show Only Available Copies
| Location | Call Number / Copy Notes | Barcode | Shelving Location | Status | Due Date |
|---|---|---|---|---|---|
| Jabok Library | EK-4.1.3 | 424480008847 | Odborná literatura | Available | - |
| LDR | 01486nam a2200433 a 4500 | ||
|---|---|---|---|
| 001 | 9449 | ||
| 003 | CZ-PrJAB | ||
| 005 | 20190819085144.0 | ||
| 007 | tu | ||
| 008 | 020502s2002 xr e 000 i cze | ||
| 015 | . | ‡acnb001091482 | |
| 020 | . | ‡a80-238-8866-8 ‡q(v knize neuvedeno ; ‡qbrož.) | |
| 035 | . | ‡a(CZ PrNK)cpk20021091482 | |
| 035 | . | ‡a(OCoLC)53265247 | |
| 040 | . | ‡aABA001 ‡bcze | |
| 041 | 1 | . | ‡acze ‡hita ‡hlat |
| 072 | 7. | ‡a27-46/-48 ‡xPastorální teologie ‡2Konspekt ‡95 | |
| 080 | . | ‡a27-46 ‡2MRF | |
| 080 | . | ‡a616-052 ‡2MRF | |
| 080 | . | ‡a272-1/-9 ‡2MRF | |
| 080 | . | ‡a(093.2) ‡2MRF | |
| 110 | 2 | . | ‡aKatolická církev. ‡bPapež (1978-2005 : Jan Pavel II.) ‡7kn20010710508 |
| 245 | 1 | 0. | ‡aPoselství papeže Jana Pavla II. ke Světovému dni nemocných 11. února 2002 |
| 260 | . | ‡aPraha : ‡bSekretariát České biskupské konference, ‡c2002 | |
| 300 | . | ‡a8 s. ; ‡c20 cm | |
| 500 | . | ‡aNa obálce označení sv. 66 | |
| 500 | . | ‡aNázev z obálky | |
| 500 | . | ‡aPřeloženo z italské verze latinského originálu? | |
| 521 | . | ‡aPro vnitřní potřebu | |
| 650 | 0 | 7. | ‡anemocní ‡7ph123222 ‡2czenas |
| 650 | 0 | 7. | ‡apastorace ‡7ph123988 ‡2czenas |
| 650 | 0 | 7. | ‡aučení katolické církve ‡7ph135482 ‡2czenas |
| 650 | 0 | 9. | ‡apatients ‡2eczenas |
| 650 | 0 | 9. | ‡apastoral care ‡2eczenas |
| 650 | 0 | 9. | ‡aCatholic doctrine ‡2eczenas |
| 655 | 7. | ‡apapežské listy ‡7fd133001 ‡2czenas | |
| 655 | 9. | ‡apapal documents ‡2eczenas | |
| 910 | . | ‡aABG312 | |
| 995 | . | ‡aska | |
| 901 | . | ‡a9449 ‡bCZ PrNK ‡c9449 ‡tbiblio | |